书目信息 |
| 题名: |
苹果是方的
|
|
| 作者: | 库兹马斯基 , 库兹马斯基 , 库兹马斯基 著 ;胡玮珊 译 | |
| 分册: | ||
| 出版信息: | 天津 天津教育出版社 2013 |
|
| 页数: | 10,263页 | |
| 开本: | 23cm | |
| 丛书名: | ||
| 单 册: | ||
| 中图分类: | C933 | |
| 科图分类: | ||
| 主题词: | 领导学 | |
| 电子资源: | ||
| ISBN: | 978-7-5309-7181-9 | |
| 000 | 01222nam0 2200277 450 | |
| 001 | 139702 | |
| 005 | 20140913101407.48 | |
| 010 | @a978-7-5309-7181-9@dCNY 32.00 | |
| 100 | @a20130521d2013 em y0chiy50 ea | |
| 101 | 1 | @achi@ceng |
| 102 | @aCN@b120000 | |
| 105 | @ay z 000yy | |
| 200 | 1 | @a苹果是方的@Aping guo shi fang de@b专著@dApples are square@e另类领导力思考@ethinking differently about leadership@f(美)库兹马斯基,(美)托马斯·D. 库兹马斯基著@F(mei)ku zi ma si ji,(mei)tuo ma si·D.ku zi ma si ji zhu@g胡玮珊译@zeng |
| 210 | @a天津@c天津教育出版社@d2013 | |
| 215 | @a10,263页@d23cm | |
| 330 | @a本书分为界定成功的特质、启动变革的七大步骤两部分。内容包括:苹果是方的,新的成功模式、谦虚为怀、同理心、透明度、合作无间等。 | |
| 510 | 1 | @aApples are square@ethinking differently about leadership@zeng |
| 517 | 1 | @a另类领导力思考@Aling lei ling dao li si kao |
| 606 | 0 | @a领导学 |
| 690 | @aC933@v5 | |
| 701 | 0 | @c(美)@a库兹马斯基@Aku ci ma si ji@c(Kuczmarski, Thomas D.)@4著 |
| 701 | 0 | @c(美)@a库兹马斯基@Aku ci ma si ji@c(女,Kuczmarski, Susan Smith)@4著 |
| 701 | 0 | @a库兹马斯基@Aku zi ma si ji@4著 |
| 702 | 0 | @a胡玮珊@Ahu wei shan@4译 |
| 801 | 0 | @aCN@b110017@c20140913 |
| 905 | @a241430@dC933@eK894 | |
| 苹果是方的=Apples are square:另类领导力思考:thinking differently about leadership/(美)库兹马斯基,(美)托马斯·D. 库兹马斯基著/胡玮珊译.-天津:天津教育出版社,2013 |
| 10,263页;23cm |
| ISBN 978-7-5309-7181-9:CNY 32.00 |
| 本书分为界定成功的特质、启动变革的七大步骤两部分。内容包括:苹果是方的,新的成功模式、谦虚为怀、同理心、透明度、合作无间等。 |
| ● |
| 相关链接 |
|
|
|
正题名:苹果是方的
索取号:C933/K894
 
预约/预借
| 序号 | 登录号 | 条形码 | 馆藏地/架位号 | 状态 | 备注 |
| 1 | 831812 | 208318122 | 社科库509/509社科库 65排4列4层/ [索取号:C933/K894] | 在馆 | |
| 2 | 831813 | 208318131 | 社科库509/509社科库 65排4列4层/ [索取号:C933/K894] | 在馆 | |
| 3 | 831814 | 208318140 | 社科库509/509社科库 65排4列4层/ [索取号:C933/K894] | 在馆 |